00463nam a2200205Ia 4500008004100000020001800041050001400059100001800073245001700091245001800108260001500126260001600141260000900157300001600166300002700182300001000209440002400219440000600243500000800249170918s9999 xx 000 0 und d a9780545635974 bL866 2014 aLord, Cynthia aJelly bean / cCynthia Lord. aNew York : bScholastic, c2014 a125 pages : bcolored illustration ; c19cm. aShelter pet squad ; v1 a560